000 00824nam a2200301Ia 4500
001 60602
003 IT-RoPAU
008 130308s9999 xx 000 0 und d
040 _aIT-RoPAU
040 _cIT-RoPAU
041 _aFRANCESE
100 _aMuljacic Zarko
100 _gCodice Aut. SPICS: 3472
245 _aEnseignement de Heinz Kloss (L')
245 _bGlottopolitique-Langages 83
250 _a1a ed.
260 _aPARIS
260 _bLarousse
260 _c1986 [1° Ed.:1986 - Ed.Ling.Originale:1986]
300 _a"11 p. (prefazione: no ; testo: 11 [pagine: 53-63])"
500 _aInsegnamento di Heinz Kloss modificazioni implicazioni Prospettive
650 _aSAGGI DI LINGUISTICA
650 _eCodice materia Spics: 3207
942 _cBK
957 _71
999 _c39909
_d39909
999 _bSI
999 _g1